{"text_format":"3","workbook":"xlsx","n_sheets":3,"sheets":["Sheet1","Sheet2","Sheet3"],"read":"whole","date_system":"1900"}

{"sheet":"Sheet1","index":0,"n_rows":95,"n_cols":32,"rows_kept":95}
["patient's name","ID","AGE","ADDRESS","OCCUPATION","MARITAL STATUS","LITERACY LEVEL","FREQUENCY","URGENCY","NOCTURIA","WEAK STREAM","INTERMITTENCY","STRAINING","EMPTYING INCOMPLETE","QUALITY OF LIFE","T-IPSS","IPSS-V","IPSS-S","IPSS-V/S ","TYPE OF TREATMENT","DURATION","OUTCOME","WGT ","V.1","PVR 1","V.2","PVR2","MEAN VOID","MEAN PVR","TBC","BVE","TEST ACCEPTABILIY"]
["Nathan Mukalo","12030/17",68,"Ndola","retired","married","none",5,4,5,4,4,0,4,5,26,12,14,0.8,"medical","1month","some improvt",30.8,135,20,160,230,147.5,125,272.5,{"v":0.54,"d":"54%"},"yes"]
["Zingani Tembo","49807/16",76,"Kitwe","retired","married","primary",1,1,5,5,2,5,4,2,23,16,7,2.3,"medical","1-3 months","s. improvt",38.2,25,60,175,25,100,42.5,142.5,{"v":0.7,"d":"70%"},"yes"]
["Rex Mulenga","35232/17",55,"Ndola","retired","married","tertiary",2,0,3,2,1,0,0,2,8,3,5,0.6,"watchful waiting","no treatment","Not applicable",38.9,2.5,12.5,270,50,136.25,31.25,167.6,{"v":0.81,"d":"81%"},"yes"]
["Mubanga Stanley","6711/17",50,"Ndola","self-employed","married","secondary",2,2,2,1,0,0,0,2,7,1,6,0.2,"watchful waiting","no treatment","not applicable",83.5,1,8,182,18,91.5,13,104.5,{"v":0.88,"d":"88%"},"yes"]
["Milimo Alphonsius","39248/16",68,"Ndola","private sector","married","tertiary",2,0,2,2,0,0,0,1,6,2,4,0.5,"medical","1 month","sig. improvt",34.2,40,8,188,12,114,10,124,{"v":0.92,"d":"92%"},"yes"]
["Sishe Lucas","33880/17",73,"Ndola","retired","married","secondary",2,5,5,5,5,5,2,6,29,17,12,1.4,"medical",">6 month","n. improvt",40.6,30,12,120,80,75,46,121,{"v":0.62,"d":"62%"},"yes"]
["Dickson Munkondya","34585/17",73,"Kapiri Mposhi","retired","married","primary",2,2,4,3,3,0,2,2,16,8,8,1,"medical","1month","sig.imprvt",42.3,30,10,168,32,99,21,120,{"v":0.82,"d":"82%"},"yes"]
["Kambwali Wilfred","945/16",74,"Ndola","self-employed","divorced","primary",2,0,3,2,3,2,2,2,14,9,5,1.8,"medical","1month","sig.improvt",42,40,8,160,40,100,24,124,{"v":0.81,"d":"81%"},"yes"]
["Laston Chimuna","18096/17",66,"Ndola","private sector","married","secondary",1,0,3,2,0,0,0,1,6,2,4,0.5,"medical","1month","sig.imprvt",42.6,60,10,190,10,125,10,135,{"v":0.93,"d":"93%"},"no"]
["Augustine Chanda","54005/13",64,"Ndola","self-employed","married","primary",3,0,5,4,5,3,4,3,24,16,8,2,"medical",">6months","s.imprvt",34.4,106,90,170,30,138,60,198,{"v":0.7,"d":"70%"},"yes"]
["Archwell Senda","34380/17",76,"Mufulira","retired","married","primary",4,4,5,5,5,5,4,5,32,19,13,1.5,"medical","1month","s.imprvt",64.5,45,210,10,210,27.5,210,237.5,{"v":0.12,"d":"12%"},"yes"]
["Lazarus M. Ponde","41648/14",63,"Ndola","retired","married","tertiary",1,0,3,0,0,0,0,1,4,0,4,0,"medical",">6months","sig.imprvt",33.2,10,5,198,2,104,3.5,107.5,{"v":0.97,"d":"97%"},"yes"]
["Benedict Mulenga","40795/14",69,"Luanshya","retired","married","tertiary",2,0,4,3,1,4,3,2,17,11,6,1.8,"medical",">6months","sig.improvt",58.6,15,70,199,1,107,35.5,142.5,{"v":0.75,"d":"75%"},"yes"]
["Peter Muteto","4035/15",70,"Kitwe","retired","married","secondary",0,0,4,1,0,0,1,2,6,2,4,0.5,"medical",">6months","sig.imprvt",63.3,156,5,245,3,200.5,4,204.5,{"v":0.98,"d":"98%"},"yes"]
["Andrew Tembo","32436/17",72,"Ndola","self-employed","widowed","none",3,3,5,5,4,5,4,3,29,18,11,1.6,"medical","1-3months","s.imprvt",43.8,30,40,93,107,61.5,73.5,135,{"v":0.46,"d":"46%"},"yes"]
["Martin Kasongo","11762/17",70,"Ndola","retired","married","primary",4,0,5,5,3,5,5,5,27,18,9,2,"watchful waiting","no treatment","No improvt",30.1,60,115,165,35,112.5,75,187.5,{"v":0.6,"d":"60%"},"yes"]
["Kingswell Phiri","18346/17",71,"Ndola","retired","married","primary",5,3,5,5,4,5,5,5,32,19,13,1.5,"medical","1month","no improvt",34.6,250,725,1,250,125.5,487.5,613,{"v":0.2,"d":"20%"},"no"]
["Chanda Simwanza","9088/17",68,"Ndola","self-employed","married","primary",2,1,4,0,0,0,0,1,7,0,7,0,"watchful waiting","no treatment","Not applicable",52.8,11,10,180,20,95.5,15,110.5,{"v":0.86,"d":"86%"},"yes"]
["Lewis Lunda","3305/17",68,"Ndola","self-employed","divorced","primary",4,2,5,3,5,3,5,5,27,18,11,1.6,"watchful waiting","no treatment","Not applicable",41.4,1,52,145,55,73,53.5,126.5,{"v":0.58,"d":"58%"},"yes"]
["Burton Malama","14855/17",77,"Ndola","retired","married","primary",0,0,0,5,5,0,0,3,10,10,0,10,"watchful waiting","no treatment","Not applicable",45.2,110,52,185,15,147.5,33.5,181,{"v":0.81,"d":"81%"},"yes"]
["Davison Kamanga","18737/17",63,"Mufulira","retired","married","primary",5,4,5,5,5,4,5,2,33,19,14,1.4,"medical","1-3months","no improvt",95.7,120,165,62,152,91,158.5,249.5,{"v":0.36,"d":"36%"},"yes"]
["John Muzumara","3198/17",68,"Ndola","retired","married","secondary",3,4,5,5,4,3,4,5,28,16,12,1.3,"medical","1month","s.imprvt",37,45,40,130,70,87.5,55,142.5,{"v":0.61,"d":"61%"},"yes"]
["Kangwa Kingfred","35525/17",73,"Ndola","private sector","widowed","secondary",4,3,5,5,5,5,5,5,32,20,12,1.7,"medical","1month","no improvt",42.7,73,295,15,215,44,255,299,{"v":0.15,"d":"15%"},"yes"]
["Godwin Chabala","19535/17",65,"Chingola","retired","married","secondary",5,4,5,5,5,5,5,5,34,20,14,1.4,"medical","1-3months","no improvt",46,85,128,60,140,72.5,134,206.5,{"v":0.35,"d":"35%"},"yes"]
["Simon Mulenga","4228/15",83,"Kitwe","retired","married","secondary",3,2,5,4,4,4,0,5,22,12,10,1.2,"medical",">6months","s.imprvt",67.5,108,60,148,52,128,56,184,{"v":0.7,"d":"70%"},"yes"]
["George Musonda","18469/17",83,"Ndola","retired","married","primary",2,3,5,5,3,2,4,3,24,14,10,1.4,"medical","1month","s.imprvt",43.4,1,4,125,75,63,39.5,102.5,{"v":0.61,"d":"61%"},"yes"]
["David Tembo","9802/17",62,"Kapiri Mposhi","retired","married","primary",1,0,3,1,2,0,4,2,7,3,4,0.8,"medical","1month","s.imprvt",32.2,64,5,175,25,119.5,15,134.5,{"v":0.89,"d":"89%"},"yes"]
["Godwin Malwita","13219/17",56,"Serenje","self-employed","married","secondary",2,0,3,1,0,1,0,2,7,2,5,0.4,"watchful waiting","no treatment","Not applicable",37.4,72,12,170,30,121,21,142,{"v":0.85,"d":"85%"},"yes"]
["Ben Banda","495/17",73,"Ndola","retired","married","secondary",0,0,5,0,0,0,0,2,5,0,5,0,"medical",">6months","sig.improvt",39.9,65,10,195,5,130,7.5,137.5,{"v":0.95,"d":"95%"},"yes"]
["Kabwe Murray","45363/17",65,"Kapiri Mposhi","retired","widowed","tertiary",5,5,5,5,0,0,1,6,21,6,15,0.4,"medical","1month","s.imprvt",42.7,60,68,200,75,130,71.5,201.5,{"v":0.65,"d":"65%"},"yes"]
["Leonard Nyongani","21222/18",66,"Ndola","retired","married","secondary",0,0,1,0,0,0,0,2,1,0,1,0,"watchful waiting","No treatment","Not applicable",33.9,232,10,195,5,213.5,7.5,221,{"v":0.97,"d":"97%"},"no"]
["Lovemore Tauro","39969/16",78,"Kitwe","retired","married","tertiary",2,1,3,2,1,0,0,2,9,3,6,0.5,"medical",">6months","sig.improvt",34.9,38,12,170,30,104,21,125,{"v":0.83,"d":"83%"},"yes"]
["Ginwell Banda","38249/14",72,"Mpongwe","self-employed","married","primary",0,0,1,2,2,0,0,2,5,4,1,4,"watchful waiting","No treatment","Not applicable",31.6,180,15,190,10,185,12.5,197.5,{"v":0.94,"d":"94%"},"yes"]
["Senate Kandebele","2843/17",63,"Ndola","retired","married","tertiary",2,0,3,3,2,0,0,2,10,5,5,1,"medical",">6months","sig.improvt",36.6,165,25,175,40,170,32.5,202.5,{"v":0.84,"d":"84%"},"yes"]
["Greenwell Nshilibwino","20347/17",63,"Ndola","private sector","married","tertiary",0,0,1,1,2,0,1,1,5,4,1,4,"medical",">6months","sig.improvt",30.7,100,5,170,5,135,5,140,{"v":0.96,"d":"96%"},"yes"]
["Alfred Silwela","15105/17",64,"Ndola","retired","married","tertiary",1,0,2,1,0,1,1,2,6,3,3,1,"watchful waiting","No treatment","Not applicable",38,88,5,165,35,126.5,20,146.5,{"v":0.86,"d":"86%"},"yes"]
["Benson Silungwe","4870/17",65,"Ndola","self-employed","widowed","secondary",3,0,5,4,4,5,4,3,25,17,8,2.1,"medical","3-6months","No improvt",38.7,32,19,95,98,63.5,58.5,122,{"v":0.52,"d":"52%"},"yes"]
["Mulemwa Kawama","34181/17",68,"Ndola","retired","married","secondary",1,0,0,0,4,0,0,2,5,4,1,4,"watchful waiting","No treatment","Not applicable",40.7,55,15,195,5,125,10,135,{"v":0.93,"d":"93%"},"yes"]
["Evans Chilimba","0967/18",70,"Ndola","self-employed","married","primary",3,4,5,5,4,4,5,5,30,18,12,1.5,"watchful waiting","No treatment","Not applicable",85.6,62,142,70,137,66,139.5,205.5,{"v":0.32,"d":"32%"},"yes"]
["Henry Labani","18024/17",71,"Ndola","self-employed","married","primary",2,2,3,0,0,0,0,2,7,0,7,0,"medical","1month","sig.improvt",33,48,42,240,10,144,26,170,{"v":0.85,"d":"85%"},"yes"]
["Maselino Mulenga","30889/17",69,"Ndola","retired","divorced","primary",5,4,5,5,5,5,5,5,34,20,14,1.4,"watchful waiting","No treatment","worsening symptoms",40.3,50,155,70,140,60,147.5,207.5,{"v":0.29,"d":"29%"},"yes"]
["Dickson  Chapesha","21762/17",64,"Ndola","retired","widowed","primary",4,4,5,4,5,5,4,5,31,18,13,1.4,"medical","1month","No improvt",61,52,240,85,160,68.5,200,268.5,{"v":0.25,"d":"25%"},"yes"]
["Frederick Chabinga","7124/15",73,"Ndola","retired","married","secondary",2,3,5,5,3,5,5,5,28,18,10,1.8,"watchful waiting","No treatment","worsening symptoms",33,40,50,102,99,71,74.5,145.5,{"v":0.49,"d":"49%"},"yes"]
["Lackson Chisenga","11487/17",77,"Ndola","retired","married","primary",3,3,4,5,5,2,3,3,25,15,10,1.5,"medical","1-3months","s.improvt",93,43,6,115,85,79,45.5,124.5,{"v":0.63,"d":"63%"},"yes"]
["Kabandama Samson","21776/17",63,"Kitwe","self-employed","married","tertiary",1,0,1,0,0,0,0,2,2,0,2,0,"medical","3-6months","sig.improvt",34,150,2,190,10,170,6,176,{"v":0.96,"d":"96%"},"no"]
["Bernard Mwamulima","32704/15",75,"Luanshya","retired","married","secondary",1,0,3,2,3,0,0,2,9,5,4,1.3,"medical","1month","s.improvt",38,104,40,180,35,142,37.5,179.5,{"v":0.79,"d":"79%"},"yes"]
["Harrison Manda","59155/17",64,"Ndola","retired","widowed","secondary",3,3,4,5,0,0,3,3,18,8,10,0.8,"medical","1-3months","sig.improvt",41,60,5,140,60,100,32.5,132.5,{"v":0.754,"d":"75%"},"yes"]
["Frederick Bwembya","29727/17",68,"Luanshya","retired","married","primary",5,4,4,3,2,3,5,5,26,13,13,1,"medical","3-6months","s.improvt",54.8,94,85,138,75,89.5,80,169.5,{"v":0.53,"d":"53%"},"yes"]
["Jackson Somba","7497/17",71,"Ndola","private sector","married","primary",4,2,5,5,5,5,5,5,31,20,11,1.8,"medical","1month","No improvt",32.8,35,110,75,128,55,119,174,{"v":0.32,"d":"32%"},"yes"]
["Paul Mulinda","34236/17",71,"Ndola","retired","married","tertiary",2,0,2,0,2,0,0,2,6,2,4,0.5,"watchful waiting","no treatment","Not applicable",43.4,108,18,184,20,146,19,165,{"v":0.88,"d":"88%"},"yes"]
["Bernard Mukuka","30366/17",59,"Ndola","self-employed","separated","primary",1,0,4,0,0,0,1,2,6,1,5,0.2,"medical","1month","s.improvt",32.3,14,5,190,15,102,20,122,{"v":0.84,"d":"84%"},"yes"]
["Kamanga Samuel","19571/17",64,"Ndola","retired","married","tertiary",4,0,3,4,4,3,4,1,22,15,7,2.1,"watchful waiting","no treatment","worsening symptoms",55.6,80,20,140,65,110,42.5,152.5,{"v":0.72,"d":"72%"},"yes"]
["Kenan Mwelwa","0321/18",78,"Masaiti","self-employed","married","primary",3,2,5,5,3,0,3,3,21,11,10,1.1,"medical","1month","s.improvt",33.3,96,30,152,110,124,70,194,{"v":0.64,"d":"64%"},"yes"]
["Greenwell Sichula","16430/17",68,"Chililabombwe","private sector","married","tertiary",1,0,2,3,2,0,0,5,8,5,3,1.7,"medical",">6months","sig.improvt",66.4,55,6,200,6,127.5,6,133.5,{"v":0.96,"d":"96%"},"yes"]
["Patrick Banda","1035/17",70,"Ndola","private sector","married","secondary",1,0,3,2,0,0,0,2,6,2,4,0.5,"medical",">6months","sig.improvt",44.5,82,8,188,15,138,11.5,149.5,{"v":0.92,"d":"92%"},"yes"]
["Kesi Simanyala","9325/17",76,"Ndola","self-employed","married","primary",1,3,4,4,3,4,5,4,24,16,8,2,"medical",">6months","s.improvt",39.8,22,3,53,138,37.5,70.5,108,{"v":0.35,"d":"35%"},"yes"]
["Christopher Chafwakale","7871/17",68,"Luanshya","self-employed","married","primary",3,2,5,4,4,3,5,5,26,16,10,1.6,"medical","1month","s.improvt",33.6,52,65,98,110,75,87.5,162.5,{"v":0.46,"d":"46%"},"yes"]
["George Chambika","60214/15",66,"Ndola","self-employed","married","tertiary",2,2,5,2,3,0,2,3,16,7,9,0.8,"medical",">6months","s.improvt",47,60,10,180,15,120,12.5,132.5,{"v":0.91,"d":"91%"},"yes"]
["Abel Chibila","7062/17",60,"Ndola","retired","married","primary",4,4,5,4,2,0,0,3,19,6,13,0.5,"medical","1month","s.improvt",57,54,20,147,60,100.5,40,140.5,{"v":0.72,"d":"72%"},"yes"]
["Kayombo Christopher","3614/18",60,"Ndola","self-employed","married","primary",0,0,5,1,4,3,5,3,18,13,5,2.6,"medical","1month","s.improvt",54,45,12,169,35,107,23.5,130.5,{"v":0.82,"d":"82%"},"yes"]
["Chrispin S. Mulenga","3266/14",77,"Ndola","retired","married","secondary",0,0,3,3,4,0,3,3,13,10,3,3.3,"medical",">6months","sig.improvt",37.8,112,20,178,20,145,20,165,{"v":0.88,"d":"88%"},"yes"]
["Lefted Kabaghe","1018/18",71,"Luanshya","retired","married","tertiary",1,0,4,3,0,0,4,3,12,7,5,1.4,"watchful waiting","no treatment","No improvt",51,74,8,181,23,127.5,15.5,143,{"v":0.89,"d":"89%"},"yes"]
["Musonda Robert","6290/17",74,"Ndola","retired","divorced","secondary",2,1,5,3,2,1,0,3,14,6,8,0.8,"medical","1-3months","s.improvt",43,66,16,178,23,122,19.5,141.5,{"v":0.86,"d":"86%"},"yes"]
["Mathias Daka","13848/17",65,"Ndola","retired","married","primary",2,2,4,3,2,3,3,3,19,11,8,1.4,"medical","1-3months","s.improvt",31,82,28,172,36,127,32,159,{"v":0.8,"d":"80%"},"yes"]
["Lawrence Chikunji","2820/18",49,"Ndola","self-employed","married","primary",0,0,4,3,0,3,3,3,11,9,4,2.3,"watchful waiting","no treatment","worsening symptoms",45,68,26,175,32,121.5,29,150.5,{"v":0.81,"d":"81%"},"yes"]
["Patrick Mbilishi","3689/18",64,"Ndola","private sector","married","tertiary",2,2,4,3,2,2,4,4,19,11,8,1.4,"medical","1month","s.improvt",66,63,22,172,31,117.5,26.5,144,{"v":0.82,"d":"82%"},"yes"]
["Lungu Victor","7029/17",57,"Ndola","self-employed","married","primary",1,1,3,4,1,0,2,3,12,7,5,1.4,"watchful waiting","no treatment","Not applicable",57,58,18,175,30,116.5,24,140.5,{"v":0.83,"d":"83%"},"yes"]
["Bright Nkumbula","97178/17",77,"Chingola","retired","married","primary",4,3,5,4,4,4,5,5,29,17,12,1.4,"medical","1month","s.improvt",43.6,46,25,132,71,89,48,137,{"v":0.65,"d":"65%"},"yes"]
["Ernest Mhango","37512/05",72,"Ndola","self-employed","married","secondary",2,3,5,4,4,5,5,5,28,18,10,1.8,"medical",">6months","s.improvt",32.4,95,180,120,82,107.5,131,238.5,{"v":0.45,"d":"45%"},"no"]
["Evans Lundebwe","2821/18",53,"Ndola","private sector","married","secondary",2,2,5,5,5,5,5,4,29,20,9,2.2,"medical","1month","No improvt",46.4,200,800,5,200,102.5,500,602.5,{"v":0.17,"d":"17%"},"yes"]
["Felix Mwangala","2323/17",55,"Ndola","self-employed","married","primary",0,2,3,1,0,0,0,2,6,1,5,0.2,"watchful waiting","no treatment","Not applicable",37.1,325,10,185,18,255,14,269,{"v":0.95,"d":"95%"},"yes"]
["Albert Simumba","1008/18",75,"Kitwe","retired","married","primary",3,2,5,5,5,3,4,5,28,18,10,1.8,"medical","1month","s.improvt",55,82,98,95,110,88.5,104,192.5,{"v":0.46,"d":"46%"},"yes"]
["Godfrey Mulenga","7120/17",52,"Ndola","self-employed","married","secondary",1,0,2,0,1,0,0,2,4,3,1,0.33,"watchful waiting","no treatment","Not applicable",36.5,82,5,188,14,135,9.5,144.5,{"v":0.93,"d":"93%"},"yes"]
["Esau Ngunja","52243/15",70,"Ndola","retired","married","secondary",4,3,5,5,3,2,4,4,26,14,12,1.2,"watchful waiting","no treatment","worsening symptoms",32.7,70,53,102,110,86,81.5,167.5,{"v":0.51,"d":"51%"},"yes"]
["Mulenga Fidelis","3524/17",60,"Luanshya","retired","married","primary",2,0,4,2,3,1,4,2,16,10,6,1.7,"medical","1month","sig.improvt",61.3,110,20,188,18,149,19,168,{"v":0.89,"d":"89%"},"yes"]
["Gideon Kachunga","22772/17",64,"Ndola","self-employed","married","primary",5,4,5,5,5,2,4,5,30,16,14,1.1,"watchful waiting","no treatment","worsening symptoms",36,62,76,120,88,91,82,173,{"v":0.53,"d":"53%"},"yes"]
["Lasco Chungu","5219/17",68,"Ndola","self-employed","married","secondary",4,3,5,5,5,4,5,4,31,19,12,1.6,"watchful waiting","no treatment","worsening symptoms",41.8,80,95,108,99,94,97,191,{"v":0.49,"d":"49%"},"no"]
["Wandasix Chibili","33970/17",76,"Masaiti","retired","married","primary",4,3,5,5,5,4,4,4,31,18,12,1.5,"watchful waiting","no treatment","worsening symptoms",78.3,103,97,86,115,94.5,106,200.5,{"v":0.47,"d":"47%"},"yes"]
["Martin Changopa","0486/18",56,"Ndola","private sector","married","secondary",1,0,2,2,1,0,1,2,7,4,3,1.3,"medical","1month","s.improvt",46.4,122,38,190,11,156,24.5,180.5,{"v":0.86,"d":"86%"},"yes"]
["Mutale Patson","2786/18",70,"Luanshya","retired","married","primary",2,1,4,5,3,2,3,3,20,13,7,1.9,"medical","1-3months","sig.improvt",41.2,69,52,163,48,116,50,166,{"v":0.7,"d":"70%"},"yes"]
["Mundia Nyambe","5873/18",53,"Ndola","civil servant","married","tertiary",1,0,4,1,1,0,0,3,7,2,5,0.4,"medical",">6months","sig.improvt",34.3,16,7,187,21,101.5,14,115.5,{"v":0.88,"d":"88%"},"yes"]
["Friday Sikapizye","5410/18",71,"Nakonde","retired","married","tertiary",3,4,4,5,5,4,5,5,30,19,11,1.7,"watchful waiting","no treatment","Not applicable",38.4,87,91,101,105,94,98,192,{"v":0.49,"d":"49%"},"yes"]
["Philimon Kalunga","43143/14",60,"Ndola","self-employed","married","primary",4,3,4,2,3,2,3,3,21,10,11,0.9,"watchful waiting","no treatment","Not applicable",44.7,63,27,165,49,114,38,152,{"v":0.75,"d":"75%"},"yes"]
["Chikontwe Simon","9533/15",85,"Ndola","retired","married","primary",4,4,5,5,4,5,5,5,32,19,13,1.5,"medical","1month","No improvt",84.1,80,88,102,100,91,94,185,{"v":0.49,"d":"49%"},"yes"]
["Mubanga J. Harrison","1535/18",74,"Ndola","retired","married","secondary",3,2,4,4,4,2,4,4,23,14,9,1.6,"watchful waiting","no treatment","Not applicable",36.3,56,31,162,45,109,38,147,{"v":0.74,"d":"74%"},"yes"]
["Bruno Bako","30279/16",73,"Ndola","retired","married","tertiary",4,4,4,5,5,4,5,5,31,19,12,1.6,"watchful waiting","no treatment","Not applicable",80.2,58,75,118,85,88,80,168,{"v":0.52,"d":"52%"},"yes"]
["Brighton Simovwe","7288/15",65,"Nakonde","retired","married","secondary",3,2,5,5,4,4,5,5,28,18,10,1.8,"medical","1month","s.improvt",36.6,52,48,111,98,81.5,73,154.5,{"v":0.53,"d":"53%"},"yes"]
["Paul Mulenga","4666/18",76,"Ndola","retired","married","tertiary",2,1,4,3,4,3,5,4,22,15,7,2.1,"medical","1month","s.improvt",32.5,46,23,148,61,97,42,139,{"v":0.7,"d":"70%"},"yes"]
["Patrick M. Nyakasumbi","3689/18",64,"Ndola","self-employed","married","secondary",2,1,5,4,4,3,5,5,24,16,8,2,"medical",">6months","s.improvt",38.3,82,73,146,72,114,72.5,186.5,{"v":0.61,"d":"61%"},"yes"]
["Reuben Musabuka","5097/18",76,"Ndola","retired","married","primary",5,3,4,5,5,3,5,5,30,18,12,1.5,"medical","1month","s.improvt",37.4,2,20,62,154,32,87,119,{"v":0.27,"d":"27%"},"no"]
["Abel Mweemba","5042/18",82,"Ndola","self-employed","married","tertiary",4,3,5,5,5,5,4,5,31,19,12,1.6,"medical",">6months","s.improvt",72.8,68,75,107,101,87.5,88,175.5,{"v":0.5,"d":"50%"},"yes"]
["Lighton Singogo","5844/18",78,"Ndola","self-employed","married","tertiary",3,4,5,5,5,4,5,5,31,19,12,1.6,"medical",">6months","s.improvt",84.1,82,90,97,114,89.5,102,191.5,{"v":0.47,"d":"47%"},"yes"]
["Jeremiah Tembo","990/17",69,"Luanshya","retired","married","secondary",1,1,3,1,0,1,0,3,5,2,3,0.4,"medical",">6months","sig.improvt",39,38,5,190,15,114,10,124,{"v":0.92,"d":"92%"},"no"]
["Bernard Chiyesu","4756/18",71,"Luanshya","retired","married","primary",2,4,4,3,5,4,5,5,27,17,10,1.7,"medical","1month","s.improvt",42,52,43,149,63,100.5,53,153.5,{"v":0.65,"d":"65%"},"yes"]

{"sheet":"Sheet2","index":1,"n_rows":0,"n_cols":0,"rows_kept":0}

{"sheet":"Sheet3","index":2,"n_rows":0,"n_cols":0,"rows_kept":0}